| 000 | 00873cam a2200265 a 4500 | ||
|---|---|---|---|
| 001 | 14853767 | ||
| 003 | OSt | ||
| 005 | 20211203011406.0 | ||
| 008 | 070517s2008 njua b 001 0 eng | ||
| 010 | _a 2007019734 | ||
| 020 | _a9780132323468 | ||
| 020 | _a013232346X | ||
| 040 |
_aMMU _cMMU _dMMU _beng |
||
| 050 | 0 | 0 |
_aHD30.28 _b.W43 2008 |
| 100 | 1 | _aWheelen, Thomas L. | |
| 245 | 1 | 0 |
_aStrategic management and business policy : _bconcepts and cases / _cThomas L. Wheelen, J. David Hunger. |
| 250 | _a11th ed. | ||
| 260 |
_aUpper Saddle River, NJ : _bPearson/Prentice Hall, _cc2008. |
||
| 300 |
_a1 v. (various pagings) : _bill. (some col.) ; _c27 cm. |
||
| 500 | _aIncludes bibliographical references and indexes. | ||
| 650 | 0 | _aStrategic planning. | |
| 650 | 0 |
_aStrategic planning _vCase studies. |
|
| 700 | 1 |
_aHunger, J. David, _d1941- |
|
| 942 |
_2lcc _cLOAN LOAN |
||
| 999 |
_c22553 _d22553 |
||